Rosco de Pasapalabra #32 - Estadísticas

Estadísticas generales
  • Esta prueba ha sido intentada 419 veces
  • La puntuación promedio es 14 de 25
Estadísticas de respuestas
Inicial Definición Respuesta % Correcto
B Mamífero doméstico parecido al caballo pero más pequeño y orejas más largas, que se usa como animal de carga Burro
99%
N Parte del día comprendida entre la puesta del sol y el amanecer Noche
90%
O Cicatriz redonda que queda en medio del vientre, tras la caída del cordón umbilical Ombligo
88%
E Desecho que queda de una obra de albañilería o de un edificio arruinado o derribado Escombro
84%
T Utensilio de mesa con púas en un extremo, con el que se comen las cosas sólidas Tenedor
84%
M Reunión pública, generalmente al aire libre, en la cual los asistentes reclaman algo o expresan su protesta Manifestación
82%
A Mesa rectangular consagrada donde el sacerdote celebra el sacrificio de la misa Altar
79%
C Jefe supremo del antiguo Imperio romano César
79%
H Que se cierra de tal modo que no deja pasar el aire u otros fluidos Hermético
77%
L Eximir a alguien de una obligación Liberar
76%
P Rueda giratoria de borde acanalado, por el que se desliza una cuerda, y que sirve para levantar cosas pesadas Polea
73%
V Serie de palabras sujetas a medida y cadencia, o solo a cadencia, que constituyen el lenguaje poético Verso
70%
Z Participio del verbo zonificar Zonificado
67%
D Conjunto de elementos que se utilizan para crear un ambiente en un escenario teatral o cinematográfico Decorado
64%
S Hilo de la caña de pescar Sedal
57%
J Ciudad que es capital de Sudán Jartum
48%
I Brío, vehemencia, ardor con que se actúa Ímpetu
43%
Contiene la Ñ Noticia y examen de una obra literaria o científica Reseña
39%
Contiene la X Unido o agregado a alguien o algo, con dependencia, proximidad y estrecha relación respecto a él o a ella Anexo
38%
Contiene la Q Astilla desprendida de una piedra o de un cristal Esquirla
23%
U Jactarse, ponerse engreído u orgulloso Ufanarse
20%
G Cada uno de los signos o cifras arábigas que expresan una cantidad Guarismo
9%
F Se dice del insecto que tiene las antenas en forma de abanico Flabelicornio
1%
Contiene la Y Título de la serie de cómics creada por el historietista Lucien de Gieter, ambientada en el antiguo Egipto Papyrus
1%
R Apellido del escultor autor del monumento al avión Plus Ultra, situado en Palos de la Frontera Riganelli
1%
No se encontraron pruebas coincidentes
Distribución de puntuación
Porcentaje de gente con cada puntuación
Porcentaje por número respondido
Historial de tus puntuaciones
No has intentado esta prueba.